| 000 | 00734 a2200205 4500 | ||
|---|---|---|---|
| 020 | _a0444507507 | ||
| 020 | _a9780444507501 | ||
| 082 | _a512.55 | ||
| 090 |
_c1152 _d1152 |
||
| 100 | 1 | _aConstantinescu,Corneliu. | |
| 245 | 1 | 0 |
_aBanach algebras and compact operators. _nVolume 2 / _nVolume 2 / _cCorneliu Constantinescu, |
| 260 |
_a[S.l.] : _bNorth Holland, _c2001. |
||
| 300 |
_a620 p. ; _c23 cm. |
||
| 490 | 1 | _aNorth-holland mathematical library. | |
| 520 | _aHardbound. | ||
| 700 | _aConstantinescu,Corneliu. | ||
| 830 | 0 | _aNorth-holland mathematical library. | |
| 942 |
_aSNS _cBK _k512.55 CON |
||
| 999 |
_c29765 _d29765 |
||